| 000 | 01851nam0a2200385 4500 | ||
|---|---|---|---|
| 001 | RU\NLR\BIBL_A\011668563 | ||
| 005 | 20181003114533.0 | ||
| 010 |
_a978-5-91327-503-5 _9500 |
||
| 021 |
_aRU _bКН-П-18-012998 _9КН-П-18-0932 |
||
| 035 | _a(NLR Aleph) 011668563 | ||
| 035 | _a(RuMoRGB)009569723 | ||
| 090 |
_a11223589 _c11223589 |
||
| 100 | _a20180402d2017 k y0rusy50 ca | ||
| 101 | 0 | _arus | |
| 102 | _aRU | ||
| 105 | _ay z 000zy | ||
| 200 | 1 |
_aКитайский регионализм как фактор модернизации _eмонография _fД. В. Сухарев, М. Н. Фомина, О. А. Борисенко [и др.] |
|
| 210 |
_aМосква _cИздательский дом Академии Естествознания _d2017 |
||
| 215 |
_a81 с. _d20 |
||
| 320 | _aБиблиогр.: с. 70-81 (115 назв.) и в подстроч. примеч. | ||
| 606 | 1 |
_aРегионализм _yКитайская Народная Республика _92551179 _3RU\NLR\AUTH\661509606 |
|
| 606 | 1 |
_aПограничные районы _yКитайская Народная Республика _92133203 _3RU\NLR\AUTH\661590839 |
|
| 606 | 1 |
_aПограничные районы _yРоссийская Федерация _92133202 _3RU\NLR\AUTH\661590838 |
|
| 686 | 1 | _aФ3(5Кит)4 | |
| 686 | 1 | _aТ3(5Кит)72 | |
| 686 | 1 | _aУ04(5Кит)9 | |
| 686 | 1 | _aУ04(2Р55)9 | |
| 701 | 1 |
_aСухарев _bД. В. _gДмитрий Викторович |
|
| 701 | 1 |
_7ca _8rus _aФомина _bМ. Н. _cд-р филос. наук _f1956- _gМарина Николаевна _987575 _3RU\NLR\AUTH\77104650 |
|
| 701 | 1 |
_aБорисенко _bО. А. _gОльга Андреевна |
|
| 942 | _cBOOK | ||
| 980 | _aNBR | ||
| 980 | _aNB | ||